| Tag |
First Indicator |
Second Indicator |
Subfields |
| LEADER |
00000cam a2200000 a 4500 |
| 001 |
in00001069342 |
| 005 |
20150929093036.0 |
| 008 |
850123s1984 txuk l00000 eng d |
| 035 |
|
|
|a (OCoLC)11610383
|
| 035 |
|
|
|9 AFM7759AM
|
| 040 |
|
|
|a IKM
|c IKM
|d UtOrBLW
|
| 049 |
|
|
|a IKMd
|
| 086 |
|
|
|a C980.8 C498
|2 txdocs
|
| 099 |
|
9 |
|a C980.8
|a C498
|
| 245 |
0 |
0 |
|a City of Killeen, Texas, traffic sign and pavement marking inventory program /
|c Nolen & Associates.
|
| 264 |
|
1 |
|a Austin, Tex. :
|b Nolen & Associates,
|c [1984]
|
| 300 |
|
|
|a 18 pages, 2 unnumbered leaves :
|b forms ;
|c 28 cm.
|
| 336 |
|
|
|a text
|b txt
|2 rdacontent
|
| 337 |
|
|
|a unmediated
|b n
|2 rdamedia
|
| 338 |
|
|
|a volume
|b nc
|2 rdacarrier
|
| 500 |
|
|
|a Title on cover: City of Killeen, Texas, traffic sign and pavement marking inventory study.
|
| 500 |
|
|
|a "Prepared in cooperation with the U.S. Department of Transportation, Federal Highway Administration."
|
| 650 |
|
0 |
|a Traffic signs and signals
|z Texas
|z Killeen.
|
| 650 |
|
0 |
|a Road markings.
|
| 710 |
2 |
|
|a Nolen & Associates.
|
| 740 |
0 |
|
|a Traffic sign and pavement marking inventory program.
|
| 999 |
|
|
|a MARS
|
| 999 |
f |
f |
|s a35c1a32-b93d-392e-add4-9db1b2e72e8b
|i 2ec96430-35f4-3848-9f86-7e0ece8df21f
|t 0
|
| 952 |
f |
f |
|p normal
|a Texas A&M University
|b College Station
|c Sterling C. Evans Library
|d Evans: Texas Documents (Annex 5th floor)
|t 0
|e C980.8 C498
|h Superintendent of Documents classification
|i unmediated -- volume
|m A14814920829
|
| 998 |
f |
f |
|a C980.8 C498
|t 0
|l Evans: Texas Documents (Annex 5th floor)
|